000 00450nam a2200181Ia 4500
001 10277
005 20260306161820.0
008 260306t1983||||xx |||||||||||||| ||spa||
041 _aESP
082 _a913.855
_bL31
100 _aLavallée, Daniele
_eAUT
245 0 _aAsto:
_bcuracazgo prehispánico de los Andes Centrales
260 _c1983
300 _a150 páginas :
_c21cm.
650 _aGEN
654 _aCHU
942 _cLIB
_dJUS
_fJUS
_2ddc
_n
999 _c10277
_d10277